Statistiques concernant Les 10 plus grands maîtres de midi

Cliquez ici pour prendre le quiz!

Statistiques générales

  • Ce quiz a été pris 27 fois
  • Le résultat moyen est 4 sur 10

Statistiques - réponses

HintRéponse% Correct
2Emilien
75%
5Paul
75%
1Bruno
67%
4Christian
54%
3Eric
42%
6Stéphane
33%
7Céline
29%
8Véronique
21%
9Léo
13%
10Thimothée
8%

Distribution des résultats

Percentile par nombre de réponses

% des personnes avec chaque résultat

Votre développement - résultats

Vous n’avez pas pris ce quiz